00580nam a2200193 a 4500001001300000003000900013005001700022008004100039020002300080082001500103100002500118245007200143260004300215300000900258500003500267505003600302650002300338700002500361nice12345678IN_TiNIC20260116014102.0100806s2007 oxfa grp 000 0 eng  a9781851683956c39500a297.2bDEL aDelong-Bas, Natana J aNotable Muslimsb Muslim Builders of World Civilization and Culture aOxford bOne World Publications c2007 a390p aincludes index and biblioraphy2 aAppendices, select Bibliography aIslam-20th Century1 aDelong-Bas, Natana J